Nasepte Laibu: (Record no. 7245)

MARC details
000 -LEADER
fixed length control field 00615nam a22001937a 4500
003 - CONTROL NUMBER IDENTIFIER
control field GBCCL
005 - DATE AND TIME OF LATEST TRANSACTION
control field 20241126110623.0
008 - FIXED-LENGTH DATA ELEMENTS--GENERAL INFORMATION
fixed length control field 180719b ||||| |||| 00| 0 eng d
040 ## - CATALOGING SOURCE
Transcribing agency gbc
082 ## - DEWEY DECIMAL CLASSIFICATION NUMBER
Classification number VER 226.607
Item number KAM
100 ## - MAIN ENTRY--PERSONAL NAME
Personal name Kamchinkhup, K.
9 (RLIN) 12830
245 ## - TITLE STATEMENT
Title Nasepte Laibu:
Remainder of title Bung 1-12 hilhchetna /
Statement of responsibility, etc. K. Kamchinkhup
260 ## - PUBLICATION, DISTRIBUTION, ETC.
Place of publication, distribution, etc. New Lamka:
Name of publisher, distributor, etc. Evangelical Baptist Convention,
Date of publication, distribution, etc. 2018
300 ## - PHYSICAL DESCRIPTION
Extent xiv, 225 p.;
Other physical details ill., map.,
Dimensions 20 cm.
440 ## - SERIES STATEMENT/ADDED ENTRY--TITLE
Title Saptuam' Laisiangthou Hilhchetna
9 (RLIN) 7247
650 ## - SUBJECT ADDED ENTRY--TOPICAL TERM
Topical term or geographic name entry element Bible
Form subdivision New Testament
General subdivision Acts
-- Commentary
9 (RLIN) 12831
650 ## - SUBJECT ADDED ENTRY--TOPICAL TERM
Topical term or geographic name entry element Sunday School, EBC
9 (RLIN) 12832
942 ## - ADDED ENTRY ELEMENTS (KOHA)
Source of classification or shelving scheme Dewey Decimal Classification
Koha item type Books
Holdings
Withdrawn status Lost status Source of classification or shelving scheme Damaged status Not for loan Collection Home library Current Library Shelving location Date acquired Total checkouts Full call number Barcode Date last seen Copy number Price effective from Koha item type
    Dewey Decimal Classification       GRACE BIBLE COLLEGE GRACE BIBLE COLLEGE Vernacular 2018-07-19   VER 226.607 KAM 013450 2025-05-01 c.1 2018-07-19 Books
    Dewey Decimal Classification       GRACE BIBLE COLLEGE GRACE BIBLE COLLEGE Vernacular 2018-07-19   VER 226.607 KAM 013451 2025-05-01 c.2 2018-07-19 Books
    Dewey Decimal Classification       GRACE BIBLE COLLEGE GRACE BIBLE COLLEGE Vernacular 2018-07-19   VER 226.607 KAM 013452 2025-05-01 c.3 2018-07-19 Books
    Dewey Decimal Classification       GRACE BIBLE COLLEGE GRACE BIBLE COLLEGE Vernacular 2018-07-19   VER 226.607 KAM 013453 2025-05-01 c.4 2018-07-19 Books
    Dewey Decimal Classification       GRACE BIBLE COLLEGE GRACE BIBLE COLLEGE Vernacular 2018-09-20   VER 226.607 KAM 013605 2025-05-01 c.5 2018-09-20 Books
    Dewey Decimal Classification       GRACE BIBLE COLLEGE GRACE BIBLE COLLEGE Vernacular 2022-02-03   VER 226.607 KAM 004796 2025-05-01 c.6 2022-02-03 Books
    Dewey Decimal Classification       GRACE BIBLE COLLEGE GRACE BIBLE COLLEGE Vernacular 2025-06-16   VER 226.607 KAM 021019 2025-06-16 c.7 2025-06-16 Books
© Grace Bible College Library 2025